Vista normal Vista MARC

Entrada Materia (personas)

Número de registros utilizados en: 1

001 - CONTROL NUMBER

  • control field: 92024

003 - CONTROL NUMBER IDENTIFIER

  • control field: Co-BoUCM

005 - DATE AND TIME OF LATEST TRANSACTION

  • control field: 20180411092744.0

008 - FIXED-LENGTH DATA ELEMENTS

  • fixed length control field: 180411|| aca||aabn | a|a d

040 ## - CATALOGING SOURCE

  • Original cataloging agency: Co-BoUCM
  • Transcribing agency: Co-BoUCM

100 ## - HEADING--PERSONAL NAME

  • Personal name: Agrapart-Delmas, Michèle
  • Dates associated with a name: (1945- ...)

670 ## - SOURCE DATA FOUND

  • Source citation: Work cat.: (Co-BoUCM)309543: Agrapart-Delmas, Michèle (1945- ...), L'expertise criminelle, 2012